000 00590nam a2200205 i 4500
001 95622
003 ES-MaACL
005 20230906181737.0
007 t|
008 050601s1955 sp ||||1| spa d
100 1 _aLlopis, Arturo.
_972824
245 1 0 _aCómo conservar la memoria /
_cArturo Llopis.
250 _a[1ª ed.].
260 _aBarcelona :
_bAymá,
_c1955.
300 _a227 p. ;
_c18 cm.
490 1 _aVivir es saber. Saber es vivir ;
_vv. XV
830 0 _aVivir es saber. Saber es vivir ;
_vv. XV
_9182014
852 _aES-MaACL
_jC-10651
_bR.38294
999 _c95622
_d95622